000 00798nam a2200205Ia 4500
005 20241129110154.0
008 241129s9999||||xx |||||||||||||| ||und||
037 _aTB
040 _aARTS
_bpun
_cARTS
041 _apun
_2pun
084 _aNR4443wN39 153R2
_qARTS
100 _aਸ਼ੌਕੀ, ਗੁਲਗ਼ਾਰ, ਚ।
245 0 _aਨਿਵੇਕਲੀ ਗੀਤਕਾਰੀ ਦਾ ਸ਼ਹਿਨਾਸ਼ਾਹ ਦੇਵ ਥਰੀਕਿਆਂ ਵਾਲਾ
_cਸ਼ੌਕੀ, ਗੁਲਗ਼ਾਰ, ਚ।
260 _aਸਮਾਨਾ, ਭਾਰਤ
_bਸਮਾਨਾ ਨਵਰੰਗ ਪਬਲੀਕੇFਨ
_c2022
300 _a110ਪ੍ਰ0
365 _aINR
_b250
650 _aArtsMusic-India
_9727437
942 _cTB
_hNR4443wN39 153R2
999 _c1227594
_d1227594